Guinness world records 2006 (Record no. 27693)

000 -LEADER
fixed length control field 00398nam a22001457a 4500
008 - FIXED-LENGTH DATA ELEMENTS--GENERAL INFORMATION
fixed length control field 250225b ||||| |||| 00| 0 eng d
020 ## - INTERNATIONAL STANDARD BOOK NUMBER
International Standard Book Number 1904994040
082 00 - DEWEY DECIMAL CLASSIFICATION NUMBER
Classification number 823
Item number G5583
245 10 - TITLE STATEMENT
Title Guinness world records 2006
260 ## - PUBLICATION, DISTRIBUTION, ETC. (IMPRINT)
Place of publication, distribution, etc London :
Name of publisher, distributor, etc Guinness world record,
Date of publication, distribution, etc 2005
300 ## - PHYSICAL DESCRIPTION
Extent 290 p.
650 #0 - SUBJECT ADDED ENTRY--TOPICAL TERM
Topical term or geographic name as entry element Yearbook
700 ## - ADDED ENTRY--PERSONAL NAME
9 (RLIN) 5813
Personal name Glenday, Craig
Relator term editor
942 ## - ADDED ENTRY ELEMENTS (KOHA)
Item type Reference book
Holdings
Withdrawn status Lost status Source of classification or shelving scheme Damaged status Not for loan Permanent location Current location Date acquired Full call number Barcode Date last seen Koha item type
          IMU Kolkata IMU Kolkata 2025-02-25 032.02 G5583 F02770 2025-02-25 Books
Designed and Maintained by IMU-KC Library, Kolkata Campus © Copyright All Rights Reserved

webs counters

Powered by Koha